Newsway Spoken English: (Record no. 11261)
[ view plain ]
| 000 -LEADER | |
|---|---|
| fixed length control field | 00446nam a22001577a 4500 |
| 003 - CONTROL NUMBER IDENTIFIER | |
| control field | OSt |
| 005 - DATE AND TIME OF LATEST TRANSACTION | |
| control field | 20241108043417.0 |
| 008 - FIXED-LENGTH DATA ELEMENTS--GENERAL INFORMATION | |
| fixed length control field | 241108b |||||||| |||| 00| 0 eng d |
| 040 ## - CATALOGING SOURCE | |
| Transcribing agency | DLC |
| 050 ## - LIBRARY OF CONGRESS CALL NUMBER | |
| Classification number | 420 P197N |
| 082 ## - DEWEY DECIMAL CLASSIFICATION NUMBER | |
| Classification number | 420 P197N |
| 245 ## - TITLE STATEMENT | |
| Title | Newsway Spoken English: |
| Remainder of title | an essential course on communicative English/ |
| Statement of responsibility, etc. | Chief Editor Jose Panthaplamthottiyil |
| 260 ## - PUBLICATION, DISTRIBUTION, ETC. | |
| Place of publication, distribution, etc. | Kerala, India: |
| Name of publisher, distributor, etc. | Rashtra Deepika, |
| 300 ## - PHYSICAL DESCRIPTION | |
| Extent | 360p. |
| 942 ## - ADDED ENTRY ELEMENTS (KOHA) | |
| Source of classification or shelving scheme | Dewey Decimal Classification |
| Koha item type | Books |
| Withdrawn status | Lost status | Source of classification or shelving scheme | Damaged status | Not for loan | Collection code | Home library | Current library | Shelving location | Date acquired | Total Checkouts | Full call number | Barcode | Date last seen | Price effective from | Koha item type |
|---|---|---|---|---|---|---|---|---|---|---|---|---|---|---|---|
| Dewey Decimal Classification | Non-fiction | Harvest Mission College | Harvest Mission College | General Stacks | 08.11.2024 | 420 P197N | 013204 | 08.11.2024 | 08.11.2024 | Books |
